000 00513nam a22001697a 4500
999 _c2614
_d2614
003 URS
005 20220114142215.0
008 190529s1962 ph a|||| |||| 00| 0 eng d
020 _a9718604024
040 _beng
_cURS
_drda
050 1 4 _aQA 303
_b.C144 1963
100 _aSevilla, Ignacio
245 1 0 _aCalculus: differential and integral
_bdifferential and integral
_cIgnacio J. Sevilla
260 _aQuezon City:
_bRoyal Publishing;
_c[1962]
300 _avii, 623 pages
_bwith illustrations
_c22 cm
942 _2lcc
_cF